00695nam a2200181 a 450000100100000000500170001000800410002702000150006804000250008308200150010810000340012324000400015724501230019726000320032070000310035295201130038399900170049600004226020201002040034.0131120s2003 mx 000 0 spa d a9681912195 aDO-SdBNPbspacBNPHU axxxxbxxxx1 aMyoki Lehrhaupt, Linda96928910aT´ai chi as a path of wisdomf200110aTai chi. :bun camino de sabiduría para el crecimiento personal /cLinda Myoki Lehrhaupt; traducción, Marta Mauri. aMéxico, :bAlamah,c2003.1 aMauri, Martaetrad.969290 001050718MOaGRbGRcCTd2013-11-20iLF1l0oxxxx xxxxp42260-10r2020-06-25w2020-06-25y1ZNo se presta c41749d41749